• 首页
  • 本馆介绍
  • 公告通知
  • 最新文献
  • 馆藏检索
  • 电子资源
  • 读者导购
  • 参考咨询
  • 我的图书馆
  • 登录
  • 详细信息显示
  • 放入我的书架
  • 预约/预借图书
  • 作者相关作品
  • 分类相关作品
  • 丛书相关作品
  • 出版社相关作品

书目信息

  • 表格格式
  • 工作单格式
  • 卡片格式
题名:
核反应堆热工水力学基础
    
 
作者: 潘良明 编著
分册:  
出版信息: 重庆   重庆大学出版社  2020.08
页数: 296页
开本: 26cm
丛书名:
单 册:
中图分类: TL33
科图分类:
主题词: 反应堆--fan ying dui--热工水力学
电子资源:
ISBN: 978-7-5689-2216-6
000 00968nam0 2200241 450
001 2256708972
005 20220916154537.35
010    @a978-7-5689-2216-6@dCNY69.00
100    @a20201028d2020 em y0chiy50 ea
101 0  @achi
102    @aCN@b500000
105    @aak a 000yy
200 1  @a核反应堆热工水力学基础@Ahe fan ying dui re gong shui li xue ji chu@d= Thermal hydraulic fundamentals of nuclear reactors@e慕课版@f潘良明编著@zeng
210    @a重庆@c重庆大学出版社@d2020.08
215    @a296页@c图@d26cm
320    @a有书目 (第292-296页)
330    @a本书共分为六章, 主要内容包括: 动力堆的热工水力特征和设计准则、反应堆释热和燃料元件的热工分析、冷却剂的传热、反应堆的水力分析、堆芯稳态热工分析、堆芯瞬态热工分析。
510 1  @aThermal hydraulic fundamentals of nuclear reactors@zeng
606 0  @a反应堆@Afan ying dui@x热工水力学
690    @aTL33@v5
701  0 @a潘良明@Apan liang ming@4编著
801  0 @aCN@b人天书店@c20201028
905    @aZUCC@dTL33@e1
    
    核反应堆热工水力学基础= Thermal hydraulic fundamentals of nuclear reactors:慕课版/潘良明编著.-重庆:重庆大学出版社,2020.08
    296页:图;26cm
    
    
    ISBN 978-7-5689-2216-6:CNY69.00
    本书共分为六章, 主要内容包括: 动力堆的热工水力特征和设计准则、反应堆释热和燃料元件的热工分析、冷却剂的传热、反应堆的水力分析、堆芯稳态热工分析、堆芯瞬态热工分析。
●
相关链接 在五车中查询图书 在当当中查询图书 在豆瓣中查询图书


正题名:核反应堆热工水力学基础     索取号:TL33/1         预约/预借

序号 登录号 条形码 馆藏地/架位号 状态 备注
1 2000894423   2000894423   第三书库/ [索取号:TL33/1] 在馆    
2 2000894424   2000894424   第三书库/ [索取号:TL33/1] 在馆    
3 2000894425   2000894425   第三书库/ [索取号:TL33/1] 在馆    
山东省滨州职业学院图书馆 欢迎您!
大连网信软件有限公司© 版权所有